The Quotable Julia Child Quiz Stats

Quiz Updated Aug 15, 2017

Also try: Quotable Who?
Challenge
Share
Tweet
Embed
Score 0/20 Timer 05:00
1 Play Today
% Correct
wine
91.2%
drop the lamb
87.9%
vegetarian
87%
poorest recipe
86.9%
cooking fancy
86.5%
use cream
86.3%
blowtorch
86.1%
head
84.9%
butter
84.7%
the right break
83.1%
% Correct
cake
82%
love to eat
81.1%
drinking bad wine
77.8%
waiting for the steak to cook
71.1%
tears
70.4%
toast
61.8%
red meat
49.3%
ornamental pastry
47.1%
life itself
43%
onions
22.8%

You're not logged in!

Compare scores with friends on all Sporcle quizzes.
Join for Free
OR
Log In

You Might Also Like...

Show Comments

Extras

Top Quizzes Today


Score Distribution

Your Account Isn't Verified!

In order to create a playlist on Sporcle, you need to verify the email address you used during registration. Go to your Sporcle Settings to finish the process.

Report this User

Report this user for behavior that violates our Community Guidelines.

Details: